Města a městečka

Titel: Města a městečka : memoáry / Stanislav Komárek
Teil: 2. díl. Města
Verfasser:
Ausgabe: Vydání 1.
Veröffentlicht: Praha : Academia, 2019
Umfang: 282 Seiten
Format: Buch
Sprache: Tschechisch
Schriftenreihe/
mehrbändiges Werk:
Města a městečka / Stanislav Komárek ; 2. díl
alle Bände anzeigen
Spisy Stanislava Komárka
ISBN: 9788020029706
Buchumschlag
X
alg: 45010829
001A    $00026:24-06-19 
001B    $01999:14-11-24 $t19:54:25.000 
001D    $00026:28-08-19 
001U    $0utf8 
001X    $00 
002@    $0Afu 
002C    $aText $btxt $2rdacontent 
002D    $aohne Hilfsmittel zu benutzen $bn $2rdamedia 
002E    $aBand $bnc $2rdacarrier 
003@    $0450108295 
003O    $01371013045 $aOCoLC 
004A    $A978-80-200-2970-6 
007A    $0450108295 $aHEB 
009P    $qapplication/pdf $A2 $3Inhaltsverzeichnis $uhttp://scans.hebis.de/HEBCGI/show.pl?45010829_toc.pdf $mV:DE-603;B:DE-26 
009P    $qapplication/pdf $A2 $3Buch Bibliographie $uhttp://scans.hebis.de/HEBCGI/show.pl?45010829_bib.pdf $mV:DE-603;B:DE-Mb50 
009P    $qapplication/pdf $A2 $3Register $uhttp://scans.hebis.de/HEBCGI/show.pl?45010829_idx.pdf $mV:DE-603;B:DE-Mb50 
009P    $qapplication/pdf $A2 $3Cover $uhttp://scans.hebis.de/HEBCGI/show.pl?45010829_cov.pdf $mV:DE-603;B:DE-Mb50 
009P    $qapplication/pdf $A2 $3Abstract $uhttp://scans.hebis.de/HEBCGI/show.pl?45010829_sum.pdf $mV:DE-603;B:DE-Mb50 
010@    $acze 
010E    $erda 
011@    $a2019 
021A    $aMěsta 
028A    $BVerfasser $#Komarek, Stanislaus $4aut $7129897558 $8Komárek, Stanislav$Z1958- [Tp1] $9160150469 
032@    $aVydání 1. 
033A    $pPraha $nAcademia 
034D    $a282 Seiten 
036C    $aMěsta a městečka $dmemoáry $x12 $hStanislav Komárek $l2. díl 
036D    $x12 $8Města a městečka : memoáry / Stanislav Komárek $9450108090 
036G    $aSpisy Stanislava Komárka 
037A    $aLiteraturverzeichnis Seite 275 
046L    $aZusammenfassung in englischer Sprache 

lok: 45010829 24

exp: 45010829 24 1 #EPN
201B/01 $023-02-23 $t10:36:22.000 
201C/01 $023-02-23 
201U/01 $0utf8 
203@/01 $01227840136 
208@/01 $a23-02-23 $bz 
209A/01 $a22.05493 $du $f050 $h22 05493 $x00 
209C/01 $a22.05493 K $h22 05493 K 
209G/01 $a74570348 $x00 
220C/01 $akon 
247C/01 $8358050-7 Marburg, Bibliothek des Herder-Instituts Marburg $9102600961 

lok: 45010829 204

exp: 45010829 204 1 #EPN
201B/01 $025-09-19 $t14:51:41.000 
201C/01 $024-06-19 
201U/01 $0utf8 
203@/01 $01054183015 
208@/01 $a25-09-19 $bzUB 
209A/01 $a000 KS 9990 K81 M586.2019-2 $du $f000 $x00 
209G/01 $a63514985 $x00 
245S/01 $a21000 $x01 
247C/01 $8631000-x <26>Gießen, Universität Gießen, Universitätsbibliothek Gießen $9102596697
LEADER 00000cam a2200000 cc4500
001 450108295
003 DE-603
005 20241114195425.0
007 tu
008 190624s2019 xx |||| | u00||u|cze c
020 |a 9788020029706 
035 |a (DE-599)HEB450108295 
035 |a (OCoLC)1371013045 
040 |a DE-603  |b ger  |c DE-603  |d DE-603  |e rda 
041 |a cze 
100 1 |a Komárek, Stanislav  |d 1958-  |e Verfasser  |4 aut  |0 (DE-603)160150469  |0 (DE-588)129897558  |2 gnd 
245 0 0 |a Města a městečka  |b memoáry  |n 2. díl  |p Města  |c Stanislav Komárek 
250 |a Vydání 1. 
264 1 |a Praha  |b Academia  |c 2019 
300 |a 282 Seiten 
336 |a Text  |b txt  |2 rdacontent 
337 |a ohne Hilfsmittel zu benutzen  |b n  |2 rdamedia 
338 |a Band  |b nc  |2 rdacarrier 
490 0 |a Spisy Stanislava Komárka 
500 |a Literaturverzeichnis Seite 275 
546 |a Zusammenfassung in englischer Sprache 
773 0 8 |q 12  |w (DE-603)450108090 
856 4 2 |m V:DE-603;B:DE-26  |q application/pdf  |u http://scans.hebis.de/HEBCGI/show.pl?45010829_toc.pdf  |3 Inhaltsverzeichnis 
856 4 2 |m V:DE-603;B:DE-Mb50  |q application/pdf  |u http://scans.hebis.de/HEBCGI/show.pl?45010829_bib.pdf  |3 Buch Bibliographie 
856 4 2 |m V:DE-603;B:DE-Mb50  |q application/pdf  |u http://scans.hebis.de/HEBCGI/show.pl?45010829_idx.pdf  |3 Register 
856 4 2 |m V:DE-603;B:DE-Mb50  |q application/pdf  |u http://scans.hebis.de/HEBCGI/show.pl?45010829_cov.pdf  |3 Cover 
856 4 2 |m V:DE-603;B:DE-Mb50  |q application/pdf  |u http://scans.hebis.de/HEBCGI/show.pl?45010829_sum.pdf  |3 Abstract 
924 0 |9 Mb 50  |a (DE-603)1227840136  |b DE-Mb50  |c HES  |d c  |g 22.05493 
924 0 |9 26  |a (DE-603)1054183015  |b DE-26  |c HES  |d c  |g 000 KS 9990 K81 M586.2019-2